Dutch municipalities (2023) - Statistics

General Stats
  • This quiz has been taken 138 times
    117 since last reset
  • The average score is 187 of 345
Answer Stats
Province Answer % Correct
Gelderland Arnhem
86%
Utrecht Utrecht
86%
Noord-Holland Amsterdam
84%
Drenthe Assen
84%
Noord-Brabant Breda
84%
Gelderland Ede
84%
Flevoland Almere
81%
Limburg | Noord-Holland Bergen
81%
Noord-Brabant Bergen op Zoom
81%
Zuid-Holland Den Haag
81%
Noord-Brabant Eindhoven
81%
Drenthe Emmen
81%
Groningen Groningen
81%
Friesland Leeuwarden
81%
Flevoland Lelystad
81%
Noord-Brabant 's-Hertogenbosch
81%
Overijssel Almelo
78%
Utrecht Amersfoort
78%
Gelderland Apeldoorn
78%
Noord-Brabant Oss
78%
Zuid-Holland Rotterdam
78%
Noord-Brabant Tilburg
78%
Flevoland Urk
78%
Noord-Holland Zaanstad
78%
Zuid-Holland Delft
76%
Noord-Holland Haarlem
76%
Friesland Heerenveen
76%
Zuid-Holland Leiden
76%
Limburg Maastricht
76%
Zeeland Middelburg
76%
Noord-Brabant Roosendaal
76%
Zeeland Vlissingen
76%
Overijssel Zwolle
76%
Noord-Holland Alkmaar
73%
Zuid-Holland Alphen aan den Rijn
73%
Noord-Holland Den Helder
73%
Overijssel Deventer
73%
Flevoland Dronten
73%
Overijssel Enschede
73%
Limburg Heerlen
73%
Utrecht Rhenen
73%
Limburg Venlo
73%
Drenthe Coevorden
70%
Zuid-Holland Dordrecht
70%
Friesland Harlingen
70%
Noord-Brabant Helmond
70%
Overijssel Hengelo
70%
Noord-Holland Hilversum
70%
Drenthe Hoogeveen
70%
Gelderland Nijmegen
70%
Limburg Stein
70%
Zeeland Terneuzen
70%
Gelderland Wageningen
70%
Gelderland Winterswijk
70%
Friesland Ameland
68%
Noord-Holland Enkhuizen
68%
Zeeland Goes
68%
Noord-Holland Haarlemmermeer
68%
Noord-Holland Hoorn
68%
Overijssel Kampen
68%
Limburg Kerkrade
68%
Flevoland Noordoostpolder
68%
Noord-Holland Purmerend
68%
Limburg Roermond
68%
Zuid-Holland Schiedam
68%
Gelderland Tiel
68%
Zuid-Holland Vlaardingen
68%
Gelderland Zutphen
68%
Gelderland Aalten
65%
Noord-Holland Amstelveen
65%
Noord-Brabant Baarle-Nassau
65%
Utrecht Baarn
65%
Noord-Holland Bloemendaal
65%
Noord-Brabant Boxtel
65%
Gelderland Epe
65%
Gelderland Ermelo
65%
Zuid-Holland Gouda
65%
Gelderland Harderwijk
65%
Noord-Holland Huizen
65%
Zeeland Kapelle
65%
Drenthe Meppel
65%
Gelderland Nijkerk
65%
Zuid-Holland Noordwijk
65%
Overijssel Ommen
65%
Noord-Brabant Waalwijk
65%
Zuid-Holland Westland
65%
Utrecht Woerden
65%
Flevoland Zeewolde
65%
Gelderland Zevenaar
65%
Zuid-Holland Barendrecht
62%
Noord-Holland Heemskerk
62%
Zuid-Holland Katwijk
62%
Utrecht Nieuwegein
62%
Zuid-Holland Ridderkerk
62%
Utrecht Soest
62%
Friesland Terschelling
62%
Utrecht Veenendaal
62%
Noord-Holland Velsen
62%
Limburg Venray
62%
Limburg Weert
62%
Noord-Holland Zandvoort
62%
Utrecht Zeist
62%
Zuid-Holland Zoetermeer
62%
Gelderland Barneveld
59%
Noord-Brabant Best
59%
Zuid-Holland Capelle aan den IJssel
59%
Zuid-Holland Goeree-Overflakkee
59%
Utrecht IJsselstein
59%
Zuid-Holland Leiderdorp
59%
Gelderland Nunspeet
59%
Noord-Brabant Oosterhout
59%
Gelderland Putten
59%
Friesland Schiermonnikoog
59%
Limburg Sittard-Geleen
59%
Zeeland Sluis
59%
Noord-Holland Texel
59%
Utrecht Utrechtse Heuvelrug
59%
Friesland Vlieland
59%
Zuid-Holland Wassenaar
59%
Drenthe Aa en Hunze
57%
Noord-Holland Beverwijk
57%
oversea Bonaire
57%
Noord-Holland Castricum
57%
Overijssel Dalfsen
57%
Noord-Holland Diemen
57%
Gelderland Doetinchem
57%
Gelderland Duiven
57%
Noord-Brabant Etten-Leur
57%
Zuid-Holland Gorinchem
57%
Overijssel Hardenberg
57%
Gelderland Heerde
57%
Limburg Landgraaf
57%
Noord-Holland Laren
57%
Utrecht Lopik
57%
Utrecht Montfoort
57%
Overijssel Oldenzaal
57%
Gelderland Overbetuwe
57%
Overijssel Raalte
57%
Groningen Stadskanaal
57%
Overijssel Staphorst
57%
Utrecht Stichtse Vecht
57%
Friesland Súdwest-Fryslân
57%
Zeeland Veere
57%
Noord-Brabant Vught
57%
Zuid-Holland Waddinxveen
57%
Gelderland Zaltbommel
57%
Zuid-Holland Zwijndrecht
57%
Noord-Holland Aalsmeer
54%
Noord-Holland Blaricum
54%
Noord-Holland Edam-Volendam
54%
Noord-Brabant Goirle
54%
Noord-Holland Gooise Meren
54%
Noord-Holland Hollands Kroon
54%
Utrecht Houten
54%
Drenthe Midden-Drenthe
54%
Gelderland Neder-Betuwe
54%
Overijssel Olst-Wijhe
54%
Zuid-Holland Papendrecht
54%
Gelderland Rheden
54%
Zuid-Holland Rijswijk
54%
Noord-Holland Schagen
54%
Gelderland Scherpenzeel
54%
Zeeland Schouwen-Duiveland
54%
Limburg Vaals
54%
Zuid-Holland Voorschoten
54%
Gelderland Wijchen
54%
Utrecht Wijk bij Duurstede
54%
Noord-Brabant Woensdrecht
54%
Overijssel Borne
51%
Zeeland Borsele
51%
Gelderland Brummen
51%
Utrecht De Ronde Venen
51%
Zuid-Holland Hardinxveld-Giessendam
51%
Noord-Holland Heemstede
51%
Noord-Holland Heiloo
51%
Zeeland Hulst
51%
Zuid-Holland Krimpen aan den IJssel
51%
Noord-Holland Medemblik
51%
Noord-Brabant Moerdijk
51%
Limburg Nederweert
51%
Utrecht Oudewater
51%
Groningen Pekela
51%
Gelderland Renkum
51%
Utrecht Renswoude
51%
Overijssel Rijssen-Holten
51%
Gelderland Rozendaal
51%
oversea Saba
51%
oversea Sint Eustatius
51%
Noord-Holland Uitgeest
51%
Noord-Brabant Veldhoven
51%
Utrecht Vijfheerenlanden
51%
Noord-Holland Waterland
51%
Drenthe Westerveld
51%
Zuid-Holland Alblasserdam
49%
Limburg Beek
49%
Utrecht Bunschoten
49%
Gelderland Culemborg
49%
Utrecht De Bilt
49%
Overijssel Haaksbergen
49%
Zuid-Holland Hillegom
49%
Overijssel Hof van Twente
49%
Zuid-Holland Lisse
49%
Overijssel Losser
49%
Zeeland Noord-Beveland
49%
Noord-Brabant Nuenen, Gerwen en Nederwetten
49%
Zuid-Holland Oegstgeest
49%
Noord-Brabant Oisterwijk
49%
Groningen Oldambt
49%
Friesland Ooststellingwerf
49%
Noord-Holland Ouder-Amstel
49%
Zeeland Reimerswaal
49%
Noord-Brabant Rucphen
49%
Zuid-Holland Sliedrecht
49%
Overijssel Tubbergen
49%
Noord-Brabant Valkenswaard
49%
Gelderland Voorst
49%
Friesland Weststellingwerf
49%
Overijssel Wierden
49%
Utrecht Woudenberg
49%
Noord-Brabant Zundert
49%
Friesland Achtkarspelen
46%
Noord-Brabant Alphen-Chaam
46%
Noord-Brabant Asten
46%
Gelderland Berg en Dal
46%
Drenthe Borger-Odoorn
46%
Gelderland Bronckhorst
46%
Limburg Brunssum
46%
Utrecht Bunnik
46%
Gelderland Buren
46%
Friesland De Friese Meren
46%
Noord-Brabant Deurne
46%
Gelderland Doesburg
46%
Groningen Eemsdelta
46%
Gelderland Elburg
46%
Gelderland Hattem
46%
Overijssel Hellendoorn
46%
Zuid-Holland Hendrik-Ido-Ambacht
46%
Zuid-Holland Krimpenerwaard
46%
Utrecht Leusden
46%
Gelderland Maasdriel
46%
Limburg Meerssen
46%
Limburg Mook en Middelaar
46%
Drenthe Noordenveld
46%
Noord-Brabant Oirschot
46%
Gelderland Oldebroek
46%
Noord-Holland Oostzaan
46%
Gelderland Oude IJsselstreek
46%
Limburg Simpelveld
46%
Friesland Smallingerland
46%
Noord-Holland Stede Broec
46%
Noord-Brabant Steenbergen
46%
Overijssel Steenwijkerland
46%
Zeeland Tholen
46%
Drenthe Tynaarlo
46%
Groningen Veendam
46%
Groningen Westerkwartier
46%
Groningen Westerwolde
46%
Zuid-Holland Zuidplas
46%
Overijssel Zwartewaterland
46%
Zuid-Holland Albrandswaard
43%
Noord-Brabant Bladel
43%
Friesland Dantumadeel
43%
Drenthe De Wolden
43%
Gelderland Druten
43%
Utrecht Eemnes
43%
Noord-Brabant Geertruidenberg
43%
Limburg Gennep
43%
Groningen Het Hogeland
43%
Noord-Brabant Heusden
43%
Noord-Holland Landsmeer
43%
Zuid-Holland Leidschendam-Voorburg
43%
Gelderland Lochem
43%
Zuid-Holland Maassluis
43%
Noord-Brabant Meierijstad
43%
Zuid-Holland Midden-Delfland
43%
Groningen Midden-Groningen
43%
Zuid-Holland Nieuwkoop
43%
Friesland Noardeast-Fryslân
43%
Overijssel Twenterand
43%
Noord-Holland Uithoorn
43%
Noord-Holland Wijdemeren
43%
Noord-Brabant Altena
41%
Noord-Brabant Bergeijk
41%
Gelderland Berkelland
41%
Gelderland Beuningen
41%
Noord-Brabant Drimmelen
41%
Limburg Echt-Susteren
41%
Noord-Brabant Eersel
41%
Limburg Eijsden-Margraten
41%
Noord-Brabant Geldrop-Mierlo
41%
Noord-Brabant Gilze en Rijen
41%
Zuid-Holland Hoeksche Waard
41%
Limburg Horst aan de Maas
41%
Noord-Brabant Land van Cuijk
41%
Limburg Leudal
41%
Limburg Maasgouw
41%
Zuid-Holland Molenlanden
41%
Noord-Holland Opmeer
41%
Zuid-Holland Pijnacker-Nootdorp
41%
Noord-Brabant Sint-Michielsgestel
41%
Noord-Brabant Someren
41%
Friesland Waadhoeke
41%
Noord-Brabant Waalre
41%
Zuid-Holland Bodegraven-Reeuwijk
38%
Noord-Brabant Boekel
38%
Noord-Brabant Cranendonck
38%
Overijssel Dinkelland
38%
Noord-Brabant Dongen
38%
Noord-Holland Drechterland
38%
Noord-Brabant Gemert-Bakel
38%
Noord-Brabant Heeze-Leende
38%
Noord-Brabant Hilvarenbeek
38%
Noord-Holland Koggenland
38%
Zuid-Holland Lansingerland
38%
Gelderland Montferland
38%
Zuid-Holland Nissewaard
38%
Gelderland Oost Gelre
38%
Friesland Opsterland
38%
Limburg Peel en Maas
38%
Limburg Roerdalen
38%
Noord-Brabant Son en Breugel
38%
Limburg Valkenburg aan de Geul
38%
Limburg Voerendaal
38%
Gelderland West Betuwe
38%
Gelderland Westervoort
38%
Gelderland West Maas en Waal
38%
Noord-Holland Wormerland
38%
Limburg Beekdaelen
35%
Limburg Beesel
35%
Noord-Brabant Bernheze
35%
Zuid-Holland Kaag en Braassem
35%
Noord-Brabant Laarbeek
35%
Noord-Brabant Loon op Zand
35%
Zuid-Holland Teylingen
35%
Zuid-Holland Zoeterwoude
35%
Noord-Brabant Halderberge
32%
Gelderland Heumen
32%
Noord-Holland Dijk en Waard
30%
Limburg Gulpen-Wittem
30%
Noord-Brabant Maashorst
30%
Noord-Brabant Reusel-De Mierden
30%
Gelderland Lingewaard
27%
Friesland Tietsjerksteradeel
24%
Zuid-Holland Voorne aan Zee
16%
No matching quizzes found
Score Distribution
Percent of People with Each Score
Percentile by Number Answered
Your Score History
You have not taken this quiz since the last reset